Statistics for US Presidents With the Lowest Net Worth

Click here to take the quiz!

General Stats

  • This quiz has been taken 45 times
  • The average score is 7 of 11

Answer Stats

RankEstimated Net WorthPresident% Correct
6Less than $1 MillionAbraham Lincoln
83%
7Less than $1 MillionHarry Truman
81%
5Less than $1 MillionAndrew Johnson
71%
2Less than $1 MillionCalvin Coolidge
69%
4Less than $1 MillionUlysses S. Grant
69%
10$1 MillionWarren G. Harding
64%
3Less than $1 MillionJames A. Garfield
60%
11$1 MillionWilliam McKinley
60%
9$1 MillionJames Buchanan
57%
8Less than $1 MillionWoodrow Wilson
55%
1Less than $1 MillionChester A. Arthur
50%

Score Distribution

Percentile by Number Answered

Percent of People with Each Score

Your Score History

You have not taken this quiz